000 00869nam a2200241Ia 4500
003 OSt
005 20220923213316.0
006 a|||||r|||| 00| 0
007 ta
008 220922b |||||||| |||| 00| 0 hin d
024 _a160,657
037 _cTextual
040 _aARTS
_cARTS
_bhin
041 _2hin
_ahin
082 _aO152,2xN5, K5
100 _aचौहान, शिवदान सिंह, संपा.
245 0 _aयुग-छाया
_b युग प्रतीक एकांकी नाटकांे का संकलन
246 _aYuga-chhāyā: yug pratīk ekāankī nāṭakāane kā sankalana
260 _c1965
650 _aहिन्दी साहित्य
_9156264
942 _hO152,2xN5, K5
_cTEXL
_2CC
999 _c315386
_d315386